Les buteurs de la France au Championnat d'Europe de football 2004 - Statistiques

Statistiques générales
  • Ce quiz a été pris 60 fois
  • Le résultat moyen est 6 sur 6
Statistiques - réponses
Match Minute Buteur % Correct
France - Angleterre 2-1 90+1' Zinédine Zidane
100%
France - Angleterre 2-1 90+3' Zinédine Zidane
100%
Suisse - France 1-3 20' Zinédine Zidane
100%
Suisse - France 1-3 76' Thierry Henry
91%
Suisse - France 1-3 84' Thierry Henry
91%
Croatie - France 2-2 64' David Trezeguet
70%
Aucun quiz correspondant
Distribution des résultats
% des personnes avec chaque résultat
Percentile par nombre de réponses
Votre historique - résultats
Vous n’avez pas pris ce quiz